Windows NT TCP/IP network administration / (Record no. 60847)
[ view plain ]
| 000 -LEADER | |
|---|---|
| fixed length control field | 01559cam a2200385 a 4500 |
| 001 - CONTROL NUMBER | |
| control field | 12286344 |
| 003 - CONTROL NUMBER IDENTIFIER | |
| control field | OSt |
| 005 - DATE AND TIME OF LATEST TRANSACTION | |
| control field | 20141124100846.0 |
| 008 - FIXED-LENGTH DATA ELEMENTS--GENERAL INFORMATION | |
| fixed length control field | 010123s1998 cc a 001 0 eng d |
| 010 ## - LIBRARY OF CONGRESS CONTROL NUMBER | |
| LC control number | 2001274264 |
| 020 ## - INTERNATIONAL STANDARD BOOK NUMBER | |
| International Standard Book Number | 0596002971 |
| 035 ## - SYSTEM CONTROL NUMBER | |
| System control number | (OCoLC)ocm40235371 |
| 040 ## - CATALOGING SOURCE | |
| Original cataloging agency | CUS |
| Transcribing agency | CUS |
| Modifying agency | NMP |
| -- | DLC |
| 042 ## - AUTHENTICATION CODE | |
| Authentication code | lccopycat |
| 050 00 - LIBRARY OF CONGRESS CALL NUMBER | |
| Classification number | TK5105.585 |
| Item number | .H864 2002 |
| 082 00 - DEWEY DECIMAL CLASSIFICATION NUMBER | |
| Classification number | 005.7/13769 |
| 100 1# - MAIN ENTRY--PERSONAL NAME | |
| Personal name | Hunt, Craig. |
| 9 (RLIN) | 25999 |
| 245 10 - TITLE STATEMENT | |
| Title | Windows NT TCP/IP network administration / |
| Statement of responsibility, etc | Craig Hunt and Robert Bruce Thompson. |
| 246 3# - VARYING FORM OF TITLE | |
| Title proper/short title | Windows NT TCP IP network administration |
| 250 ## - EDITION STATEMENT | |
| Edition statement | 3rd ed. |
| 260 ## - PUBLICATION, DISTRIBUTION, ETC. (IMPRINT) | |
| Place of publication, distribution, etc | Beijing ; |
| -- | Sebastopol, CA : |
| Name of publisher, distributor, etc | O'Reilly, |
| Date of publication, distribution, etc | 2002 |
| 300 ## - PHYSICAL DESCRIPTION | |
| Extent | xvii, 725 p. : |
| Other physical details | ill. ; |
| Dimensions | 24 cm. |
| 500 ## - GENERAL NOTE | |
| General note | "Help for Windows NT system administrators"--Cover. |
| 500 ## - GENERAL NOTE | |
| General note | Includes index. |
| 630 00 - SUBJECT ADDED ENTRY--UNIFORM TITLE | |
| Uniform title | Microsoft Windows NT. |
| 9 (RLIN) | 33840 |
| 650 #0 - SUBJECT ADDED ENTRY--TOPICAL TERM | |
| Topical term or geographic name as entry element | TCP/IP (Computer network protocol) |
| 9 (RLIN) | 33841 |
| 650 #0 - SUBJECT ADDED ENTRY--TOPICAL TERM | |
| Topical term or geographic name as entry element | Computer networks |
| General subdivision | Management. |
| 9 (RLIN) | 33842 |
| 700 1# - ADDED ENTRY--PERSONAL NAME | |
| Personal name | Thompson, Robert Bruce. |
| 9 (RLIN) | 33843 |
| 856 42 - ELECTRONIC LOCATION AND ACCESS | |
| Materials specified | Contributor biographical information |
| Uniform Resource Identifier | <a href="http://www.loc.gov/catdir/enhancements/fy0915/2001274264-b.html">http://www.loc.gov/catdir/enhancements/fy0915/2001274264-b.html</a> |
| 856 42 - ELECTRONIC LOCATION AND ACCESS | |
| Materials specified | Publisher description |
| Uniform Resource Identifier | <a href="http://www.loc.gov/catdir/enhancements/fy0915/2001274264-d.html">http://www.loc.gov/catdir/enhancements/fy0915/2001274264-d.html</a> |
| 856 41 - ELECTRONIC LOCATION AND ACCESS | |
| Materials specified | Table of contents only |
| Uniform Resource Identifier | <a href="http://www.loc.gov/catdir/enhancements/fy1009/2001274264-t.html">http://www.loc.gov/catdir/enhancements/fy1009/2001274264-t.html</a> |
| 906 ## - LOCAL DATA ELEMENT F, LDF (RLIN) | |
| a | 7 |
| b | cbc |
| c | copycat |
| d | 2 |
| e | ncip |
| f | 20 |
| g | y-gencatlg |
| 942 ## - ADDED ENTRY ELEMENTS (KOHA) | |
| Source of classification or shelving scheme | Library of Congress Classification |
| Koha item type | Books |
| Withdrawn status | Lost status | Source of classification or shelving scheme | Damaged status | Not for loan | Collection code | Home library | Current library | Shelving location | Date acquired | Source of acquisition | Cost, normal purchase price | Total Checkouts | Full call number | Barcode | Date last seen | Date checked out | Copy number | Price effective from | Koha item type |
|---|---|---|---|---|---|---|---|---|---|---|---|---|---|---|---|---|---|---|---|
| Library of Congress Classification | General Circulation | AIU/NEGST - Tony Wilmot Memorial Library | AIU/NEGST - Tony Wilmot Memorial Library | General Stacks | 11/24/2014 | Donation- Mesphine Teshome | 60.00 | 5 | TK 5105.585 .H864 2002 | R31640M3232 | 05/22/2023 | 05/20/2023 | 1 | 11/24/2014 | Books |
